Effective legal research / (Record no. 476)
| 000 -LEADER | |
|---|---|
| fixed length control field | 00876nam a22002537a 4500 |
| 003 - CONTROL NUMBER IDENTIFIER | |
| control field | OSt |
| 005 - DATE AND TIME OF LATEST TRANSACTION | |
| control field | 20140116120829.0 |
| 008 - FIXED-LENGTH DATA ELEMENTS--GENERAL INFORMATION | |
| fixed length control field | 111021t xxu||||| |||| 00| 0 eng d |
| 020 ## - INTERNATIONAL STANDARD BOOK NUMBER | |
| International Standard Book Number | 9781847038180 |
| 040 ## - CATALOGING SOURCE | |
| Transcribing agency | OC |
| 050 ## - LIBRARY OF CONGRESS CALL NUMBER | |
| Classification number | KF240.K56 2010 |
| 100 ## - MAIN ENTRY--PERSONAL NAME | |
| Personal name | Knowles, John |
| 245 ## - TITLE STATEMENT | |
| Title | Effective legal research / |
| Statement of responsibility, etc | John Knowles . |
| 250 ## - EDITION STATEMENT | |
| Edition statement | 2nd. |
| 260 ## - PUBLICATION, DISTRIBUTION, ETC. (IMPRINT) | |
| Place of publication, distribution, etc | London : |
| Name of publisher, distributor, etc | Sweet and Maxwell; Thomson Reuters , |
| Date of publication, distribution, etc | 2009 . |
| 300 ## - PHYSICAL DESCRIPTION | |
| Extent | x, 177p. |
| Other physical details | ill. |
| 440 ## - SERIES STATEMENT/ADDED ENTRY--TITLE | |
| Title | Legal skills . |
| 500 ## - GENERAL NOTE | |
| General note | Includes index |
| 505 ## - FORMATTED CONTENTS NOTE | |
| Formatted contents note | Making the most of a law library-- Using online sources of law-- Law reports-- Legislation-- Journals-- UK official publications-- How to find information on a subject-- European union law |
| 511 ## - PARTICIPANT OR PERFORMER NOTE | |
| Participant or performer note | Previous edition co-authored by Philip A. Thomas |
| 650 ## - SUBJECT ADDED ENTRY--TOPICAL TERM | |
| Topical term or geographic name as entry element | Legal research |
| 700 ## - ADDED ENTRY--PERSONAL NAME | |
| Personal name | Thomas, Philip A. |
| 942 ## - ADDED ENTRY ELEMENTS (KOHA) | |
| Source of classification or shelving scheme | |
| Koha item type | Book |
| Withdrawn status | Lost status | Source of classification or shelving scheme | Damaged status | Not for loan | Home library | Current library | Date acquired | Source of acquisition | Total Checkouts | Full call number | Barcode | Date last seen | Date checked out | Copy number | Price effective from | Koha item type | Shelving location | Total Renewals | Checked out |
|---|---|---|---|---|---|---|---|---|---|---|---|---|---|---|---|---|---|---|---|
| Riara University Library | Riara University Library | 21/10/2011 | Purchase | 5 | RES KF240.K56 2010 | 761/11 | 25/05/2021 | 18/06/2015 | C.1 | 21/10/2011 | Book | ||||||||
| Riara University Library | Riara University Library | 21/10/2011 | Purchase | 27 | KF240.K56 2010 | 762/11 | 18/01/2024 | 21/11/2023 | C.2 | 21/10/2011 | Book | ||||||||
| Riara University Library | Riara University Library | 21/10/2011 | Purchase | 21 | KF240.K56 2010 | 763/11 | 08/09/2016 | 08/09/2016 | C.3 | 21/10/2011 | Book on Shortloan | Short Loan | 2 | 11/10/2016 |
